|
|
|
|
| LEADER |
00000nab a2200000uu 4500 |
| 001 |
vtls010886504 |
| 003 |
SK-MaSNL |
| 005 |
20260303145249.0 |
| 008 |
230222|1967 xo |||||||||||||||||slo| |
| 015 |
|
|
|a SNBRB
|
| 035 |
|
|
|a (urnnbn)urn:nbn:sk:snk:ar-002ioh
|
| 035 |
|
|
|a (uuid)cc5830d1-bef6-4558-b2ec-4b91e1e6ea8f
|
| 035 |
|
|
|a urn:nbn:sk:snk-ab8hbk
|
| 040 |
|
|
|a SNKBUCL
|b slo
|c SNKBUCL
|e AACR2
|
| 041 |
0 |
|
|a slo
|
| 044 |
|
|
|a xo
|c SK
|
| 100 |
1 |
|
|a Matzner, Antonín,
|d 1944-2017
|4 aut
|9 107143
|
| 245 |
1 |
0 |
|a SKLADATEĽSKÁ SÚŤAŽ
|c Antonín Matzner
|
| 773 |
0 |
|
|t Slovenská hudba : revue pre hudobnú kultúru
|g Roč. 11, č. 1 (1967), s. 45-46
|
| 954 |
|
|
|a odborná, vedecká literatúra pôvodná (slovenská)
|2 lita
|
| 958 |
|
|
|a OND
|
| 958 |
|
|
|a EUIPO
|
| 958 |
|
|
|a article10
|
| 999 |
|
|
|c 2001821
|d 2003751
|